Myth as a key tool of mass media in popularization of science; Journal of Economics and Social Sciences; № 13
| Parent link: | Journal of Economics and Social Sciences: electronic scientific journal.— , 2012-.— 2312-2978 № 13.— 2018.— [4 p.] |
|---|---|
| Yazar: | |
| Özet: | Title screen This paper briefly deals with the history of mythology and the causes of the myth appearance. It also discusses the manipulative nature of myth, its impact on the spiritual and cultural human life. Moreover, it discusses the level of involvement of myth in describing scientific achievements; based on the analysis of scientific papers on the topic, the main aspect of the work is determined: whether the myth is a key tool of myth creation in the media in describing scientific achievements. It also provides a brief overview of the place of myth in political activity and expert opinions on the interaction of representatives of science and the media. |
| Dil: | İngilizce |
| Baskı/Yayın Bilgisi: |
2018
|
| Seri Bilgileri: | Социологические науки |
| Konular: | |
| Online Erişim: | http://earchive.tpu.ru/handle/11683/52277 |
| Materyal Türü: | MixedMaterials Elektronik Kitap Bölümü |
| KOHA link: | https://koha.lib.tpu.ru/cgi-bin/koha/opac-detail.pl?biblionumber=582347 |
MARC
| LEADER | 00000naa2a2200000 4500 | ||
|---|---|---|---|
| 001 | 582347 | ||
| 005 | 20231101130850.0 | ||
| 035 | |a (RuTPU)RU\TPU\prd\282617 | ||
| 090 | |a 582347 | ||
| 100 | |a 20190114a2018 k y0engy50 ba | ||
| 101 | 0 | |a eng | |
| 102 | |a RU | ||
| 135 | |a drcn ---uucaa | ||
| 181 | 0 | |a i | |
| 182 | 0 | |a b | |
| 200 | 1 | |a Myth as a key tool of mass media in popularization of science |f N. S. Zinchenko | |
| 203 | |a Text |c electronic | ||
| 215 | |a 1 файл (156 Кб) | ||
| 225 | 1 | |a Социологические науки | |
| 230 | |a Электронные текстовые данные (1 файл : 156 Кб) | ||
| 300 | |a Title screen | ||
| 320 | |a [References: 9 tit.] | ||
| 330 | |a This paper briefly deals with the history of mythology and the causes of the myth appearance. It also discusses the manipulative nature of myth, its impact on the spiritual and cultural human life. Moreover, it discusses the level of involvement of myth in describing scientific achievements; based on the analysis of scientific papers on the topic, the main aspect of the work is determined: whether the myth is a key tool of myth creation in the media in describing scientific achievements. It also provides a brief overview of the place of myth in political activity and expert opinions on the interaction of representatives of science and the media. | ||
| 461 | 1 | |0 (RuTPU)RU\TPU\prd\225573 |x 2312-2978 |t Journal of Economics and Social Sciences |o electronic scientific journal |d 2012- | |
| 463 | 1 | |0 (RuTPU)RU\TPU\prd\282526 |t № 13 |v [4 p.] |d 2018 | |
| 610 | 1 | |a труды учёных ТПУ | |
| 610 | 1 | |a электронный ресурс | |
| 610 | 1 | |a science | |
| 610 | 1 | |a manipulation | |
| 610 | 1 | |a society | |
| 610 | 1 | |a culture | |
| 610 | 1 | |a television | |
| 610 | 1 | |a mass media | |
| 610 | 1 | |a myth-making | |
| 610 | 1 | |a myth | |
| 610 | 1 | |a наука | |
| 610 | 1 | |a манипуляции | |
| 610 | 1 | |a общество | |
| 610 | 1 | |a культура | |
| 610 | 1 | |a телевидение | |
| 610 | 1 | |a СМИ | |
| 610 | 1 | |a мифотворчество | |
| 610 | 1 | |a мифы | |
| 700 | 1 | |a Zinchenko |b N. S. |g Nikita | |
| 801 | 2 | |a RU |b 63413507 |c 20190115 |g RCR | |
| 856 | 4 | 0 | |u http://earchive.tpu.ru/handle/11683/52277 |
| 942 | |c BK | ||